000
00289nam a2200121Ia 4500
008
140130s9999 xx 000 0 und d
245
_c
Myers, Walter Dean
_a
The glory field
260
_b
Scholastic,
_c
1994
440
_v
1
521
_a
Grade 4 - Grade 7
942
_c
BK
999
_c
41164
_d
41164